000 00785cam a2200241 a 4500
001 1163960
005 20250619125435.0
008 961118s1996 nyuab b 001 0 eng
020 _a1570751218 (alk. paper)
050 0 0 _aBR1360
_b.H367 1996
082 0 0 _a230/.096
_221
100 1 _aHealey, Joseph G.
245 1 0 _aTowards an African narrative theology /
_cJoseph Healey, Donald Sybertz.
260 _aMaryknoll, N.Y. :
_bOrbis Books,
_cc1996.
300 _a400 p. :
_bill., map ;
_c21 cm.
440 0 _aFaith and cultures series
650 0 _aChristianity and culture
_zAfrica.
650 0 _aPastoral theology
_zAfrica.
650 0 _aStorytelling
_xReligious aspects
_xChristianity.
650 0 _aNarrative theology
_zAfrica.
700 1 _aSybertz, Donald.
942 _2lcc
_cBK
_n0
999 _c6591
_d6591